Entry Personal Name
Number of records used in: 1
001 - CONTROL NUMBER
003 - CONTROL NUMBER IDENTIFIER
005 - DATE AND TIME OF LATEST TRANSACTION
- control field:
20200129100407.0
008 - FIXED-LENGTH DATA ELEMENTS
- fixed length control field:
800328n| azannaab| |a aaa
010 ## - LIBRARY OF CONGRESS CONTROL NUMBER
- LC control number:
n 80019512
040 ## - CATALOGING SOURCE
- Original cataloging agency:
DLC
- Language of cataloging:
eng
- Description conventions:
rda
- Transcribing agency:
DLC
- Modifying agency:
DLC
100 10 - HEADING--PERSONAL NAME
- Personal name:
Strickland, A. J.
- Fuller form of name:
(Alonzo J.)
378 ## - FULLER FORM OF PERSONAL NAME
- Fuller form of personal name:
Alonzo J.
400 10 - SEE FROM TRACING--PERSONAL NAME
- Control subfield:
nne
- Personal name:
Strickland, Alonzo J.
670 ## - SOURCE DATA FOUND
- Source citation:
Scott, C. R. Tempomatic IV, 1974.
670 ## - SOURCE DATA FOUND
- Source citation:
BL auth. file, 24 Apr. 2002
- Information found:
(hdg.: Strickland, Alonzo J., Alonzo James)
670 ## - SOURCE DATA FOUND
- Source citation:
Information from 678 converted Dec. 18, 2014
- Information found:
(III; Univ. of Ala.)